| 000 | 01949cam0 2200385 ib4500 | ||
|---|---|---|---|
| 001 | BY-MI0000-br2147926234 | ||
| 005 | 20250130115637.0 | ||
| 010 |
^a978-5-7516-1771-4 ^bв переплете |
||
| 100 | ^a20241212d2022 m y0rusy50 ca | ||
| 101 | 1 |
^arus ^ceng |
|
| 102 | ^aRU | ||
| 105 | ^ay z 000fy | ||
| 109 | ^ama | ||
| 200 | 1 |
^aРежьте, братцы, режьте ^eсборник рассказов ^fМарк Твен ^g[перевод с английского Н. Дехтеревой, и др.] |
|
| 210 |
^aМосква ^cТекст ^d2022 |
||
| 215 |
^a441, [4] с. ^d21 см |
||
| 225 | 1 | ^aКлассика | |
| 333 | ^a16+ | ||
| 345 | ^93000 экз. | ||
| 327 | 0 | ^aСодержание: Как лечить простуду ; Знаменитая скачущая лягушка из Калавераса ; Рассказ о дурном мальчике ; Среди духов ; В полицейском участке ; Академия художеств ; Людоедство в поезде ; Сиамские близнецы ; Замечательный старик ; Венера Капитолийская, и др. | |
| 606 |
^aПРОЗА ^3BY-NLB-ar64029 ^2DVNLB |
||
| 606 |
^aРАССКАЗЫ ^3BY-NLB-ar2670465 ^2DVNLB |
||
| 606 |
^aХУДОЖЕСТВЕННАЯ ЛИТЕРАТУРА ^3BY-NLB-ar37179 ^2DVNLB |
||
| 606 |
^aАМЕРИКАНСКАЯ ЛИТЕРАТУРА ^3BY-NLB-ar2286 ^2DVNLB |
||
| 606 |
^aЗАРУБЕЖНАЯ ЛИТЕРАТУРА ^3BY-NLB-ar10779 ^2DVNLB |
||
| 686 |
^a84(7Сое)-4 ^2rubbk |
||
| 690 |
^a1 ^2Base ^9BY-MI0000 ^xRSEK |
||
| 700 | 1 |
^aТвен ^bМ. ^3BY-NLB-ar128121 |
|
| 702 | 1 |
^aДехтерева ^bН. А. ^gНина Александровна ^3BY-SEK-ar9032765 ^4730 |
|
| 801 | 0 |
^aBY ^bBY-MI0000 ^c20241212 ^gRCR |
|
| 035 | ^a(BY-MI0000)BY-MI0000-br2147926234 | ||
| 899 | 0 |
^aBY-MI0000 ^iТ261 ^h84(7Сое) |
|